000 00657nam a22001937a 4500
999 _c171629
_d171629
005 20200116152151.0
010 _aB-123308
020 _a90.00
035 _aB-123308
037 _bBPPD
082 _aک
100 _aسعادت حسن منٹو
245 _aشغل: کولیات منٹو-افسانے ، جلد 9 /
_cسعادت حسن منٹو
246 _aShaghl: Kulliyat-e-Manto- Afsane, vol.9 (Urdu) /
_bby Saadat Hasan Manto
260 _aNew Delhi
_bEducational Publishing House
_c2005 ء
270 _a3108, Vakil Street, Kucha Pandit, Lal Kuan
_bDelhi
_e110006
300 _a144p.
_c22cm(pbk)
942 _2ddc
_cUR
_mم ن ٹ
_hک